Music Quiz

Random Music or Bands Quiz

Take Songs Quiz Stats

 Plays Quiz not verified by Sporcle

Support Sporcle.
Go Orange.
Score 0/30 Timer 06:00
0 Plays Today
% Correct
ABBA
90.3%
REO Speedwagon
90.3%
John Denver
90.3%
Berlin
90.3%
a-ha
90.3%
Supertramp
90.3%
Eagles
83.9%
Eddie Money
80.6%
Steve Miller Band
80.6%
Talking Heads
74.2%
The Dave Brubeck Quartet
71%
Duke Ellington
67.7%
Bob Wills and The Texas Playboys
64.5%
Franz Ferdinand
64.5%
Rihanna
61.3%
% Correct
Phil Collins
54.8%
Prince and The Revolution
54.8%
Bob & Doug McKenzie
54.8%
Filter
51.6%
Camper Van Beethoven
51.6%
Little River Band
48.4%
Paul McCartney
45.2%
Rage Against the Machine
45.2%
Outkast with Norah Jones
35.5%
The Donnas
32.3%
Justin Timberlake
32.3%
Limp Bizkit
29%
J. Roddy Walston & the Business
29%
Pink Floyd
22.6%
Passion Pit
19.4%

You're not logged in!

Compare scores with friends on all Sporcle quizzes.
OR
Log In

From the Vault

Sizing Up South America Minefield

by Headers2304

For those of you whose shower curtain is a map of South America, today is your day to shine.
Remove Ads.
Support Sporcle.
Get the best of Sporcle when you Go Orange. This ad-free experience offers more features, more stats, and more fun while also helping to support Sporcle. Thank you for becoming a member.

Show Comments

Extras

Top Quizzes Today


Score Distribution

Your Account Isn't Verified!

In order to create a playlist on Sporcle, you need to verify the email address you used during registration. Go to your Sporcle Settings to finish the process.

Report this User

Report this user for behavior that violates our Community Guidelines.

Details: